The Most Trolliest Troll Quiz In The World - Statistics

General Stats
  • This quiz has been taken 14 times
  • The average score is 2 of 5
Answer Stats
Question Answer % Correct
Are you fat? Obviously
89%
Are you a piece of shit? "No" is definitely wrong
44%
hiufhebfnimxnadsha What is that?
44%
Are you dumb? Definitely
33%
Is efiwnhsijmikhni hiushdinmi? I don't understand
33%
No matching quizzes found
Score Distribution
Percent of People with Each Score
Percentile by Number Answered
Your Score History
You have not taken this quiz